000 01270cam a2200229 4500
001 ABS65897
008 020920n2002 000 0 eng u
035 _a(Sirsi) u119762
100 _aLi, H
245 _aSupporting the decision-making process for sustainable housing
260 _c2002
490 _aConstruction Management and Economics
_v 20(5) July/August 2002, 387-390(4)
520 _aWide acceptance of the concept of sustainable development has led to a demand for policies on sustainable housing. The issues of how sustainable housing can be measured or evaluated and how decision-making regarding sustainable housing can be facilitated are areas that require further research. This paper aims to introduce a conceptual approach in developing a decision-support tool for sustainable housing. An empirical decision-support model for sustainable housing indicators using fuzzy-set theory (SHIFT) is described, with particular focus on framing decision-making for multiple criteria or objectives. (TAKEN FROM ARTICLE HEADNOTE).
590 _aABS
650 _aSUSTAINABLE HOUSING
650 _aFUZZY SETS THEORY
650 _aDECISION MAKING
650 _aDECISION SUPPORT TOOLS
690 _aBUILT ENVIRONMENT
700 _aShen, Q
942 _n0
999 _c71184
_d71184